| 000 | 00397nam a2200157Ia 4500 | ||
|---|---|---|---|
| 008 | 230917s9999||||xx |||||||||||||| ||und|| | ||
| 040 |
_e85205 _aMAIN |
||
| 041 | _aEnglish | ||
| 082 | _a658.4 H369M | ||
| 100 | _aHellriegel, Don | ||
| 245 | 0 | _aManagement: A competency-based approach | |
| 250 | _a9th ed. | ||
| 260 |
_aAustralia _bSouth-Western _c2002 |
||
| 300 | _axvii, 561 p. | ||
| 942 | _cBK | ||
| 999 |
_c114772 _d114772 |
||